A calzón quitao (Record no. 26726)

MARC details
000 -LEADER
campo de control de longitud fija 01556nac a22002777a 4500
003 - IDENTIFICADOR DE NÚMERO DE CONTROL
campo de control Co-PeBPM
005 - FECHA Y HORA DE LA ÚLTIMA TRANSACCIÓN
campo de control 20240406173609.0
007 - CAMPO FIJO DE DESCRIPCIÓN FÍSICA--INFORMACIÓN GENERAL
campo de control de longitud fija ta
008 - DATOS DE LONGITUD FIJA--INFORMACIÓN GENERAL
campo de control de longitud fija 240406s2023 |||||||| |||| 00| 0 spa d
020 ## - NÚMERO INTERNACIONAL ESTÁNDAR DEL LIBRO
Número Internacional Estándar del Libro 9789584987976
040 ## - FUENTE DE CATALOGACIÓN
Centro catalogador/agencia de origen Co-PeBPM
Lengua de catalogación spa
Centro/agencia transcriptor Co-PeBPM
Normas de descripción rda
041 ## - CÓDIGO DE IDIOMA
Código de lengua del texto/banda sonora o título independiente spa
082 04 - NÚMERO DE LA CLASIFICACIÓN DECIMAL DEWEY
Número de clasificación Co863 Z94a
Número de edición 22
100 1# - ENTRADA PRINCIPAL--NOMBRE DE PERSONA
Nombre de persona Zuluaga Arango, Mélida
Fechas asociadas al nombre 1952- ,
Término indicativo de función/relación autora
245 14 - MENCIÓN DEL TÍTULO
Título A calzón quitao
Resto del título : novela
Mención de responsabilidad, etc. / Mélida Zuluaga Arango
250 ## - MENCION DE EDICION
Mención de edición Primera edición
260 ## - PUBLICACIÓN, DISTRIBUCIÓN, ETC.
Lugar de publicación, distribución, etc. Pereira, Risaralda
Nombre del editor, distribuidor, etc. : Talleres Litografía Moderna,
Fecha de publicación, distribución, etc. 2023
300 ## - DESCRIPCIÓN FÍSICA
Extensión 114 páginas
Dimensiones 21 centímetros
500 ## - NOTA GENERAL
Nota general Incluye índice
520 ## - RESUMEN, ETC.
Sumario, etc. Los tiempos actuales, me impulsaron a recopilar comportamientos sexuales muy en boga, que a unos altera y a otros autoriza a vivir sin límites. A que molesta, ven como queda atrás la conquista, el romanticismo, los detalles llenos de amor, mientras que a los demás, los invita a poseer, a exhibir pasiones delirantes desbordadas con el sello de normales, activar la lujuria sin límites, despertar desesperadamente la lívido más tímida, buscar sensaciones de clímax salvaje, entrar a la obscenidad, vulgaridad, e irrespeto convirtiendo una entrega de dos cuerpos enardecidos en dos animales sin conciencia del acto sucio y deplorable que los violenta y deja marcados. Dentro de estas conjeturas surgen dramas reales con finales impensados.
546 ## - NOTA DE IDIOMA
Nota de lengua/lenguaje spa
650 14 - PUNTO DE ACCESO ADICIONAL DE MATERIA--TÉRMINO DE MATERIA
Término de materia o nombre geográfico como elemento de entrada Literatura colombiana
Fuente del encabezamiento o término Lemb
650 14 - PUNTO DE ACCESO ADICIONAL DE MATERIA--TÉRMINO DE MATERIA
Término de materia o nombre geográfico como elemento de entrada Novela colombiana
Fuente del encabezamiento o término Lemb
942 ## - ELEMENTOS DE ENTRADA SECUNDARIOS (KOHA)
Fuente del sistema de clasificación o colocación Clasificación Decimal Dewey
Tipo de ítem Koha Libros
Suprimir en OPAC No
Holdings
Estatus retirado Estado de pérdida Fuente del sistema de clasificación o colocación Estado de daño No para préstamo Biblioteca de origen Biblioteca actual Fecha de adquisición Total de préstamos Signatura topográfica completa Código de barras Visto por última vez Copia número Precio de reemplazo Tipo de ítem Koha
    Clasificación Decimal Dewey     BIBLIOTECA PÚBLICA MUNICIPAL RAMON CORREA MEJIA BIBLIOTECA PÚBLICA MUNICIPAL RAMON CORREA MEJIA 06/04/2024   Co863 Z94a 49690 06/04/2024 Ej.1 06/04/2024 Libros

Powered by Koha